<?xml version="1.0" encoding="UTF-8"?><?xml-stylesheet type="text/xsl" href="static/style.xsl"?><OAI-PMH xmlns="http://www.openarchives.org/OAI/2.0/" xmlns:xsi="http://www.w3.org/2001/XMLSchema-instance" xsi:schemaLocation="http://www.openarchives.org/OAI/2.0/ http://www.openarchives.org/OAI/2.0/OAI-PMH.xsd"><responseDate>2026-04-17T03:25:36Z</responseDate><request verb="GetRecord" identifier="oai:www.recercat.cat:2117/86429" metadataPrefix="marc">https://recercat.cat/oai/request</request><GetRecord><record><header><identifier>oai:recercat.cat:2117/86429</identifier><datestamp>2025-07-16T23:35:41Z</datestamp><setSpec>com_2072_1033</setSpec><setSpec>col_2072_452950</setSpec></header><metadata><record xmlns="http://www.loc.gov/MARC21/slim" xmlns:dcterms="http://purl.org/dc/terms/" xmlns:xsi="http://www.w3.org/2001/XMLSchema-instance" xmlns:doc="http://www.lyncode.com/xoai" xsi:schemaLocation="http://www.loc.gov/MARC21/slim http://www.loc.gov/standards/marcxml/schema/MARC21slim.xsd">
   <leader>00925njm 22002777a 4500</leader>
   <datafield ind2=" " ind1=" " tag="042">
      <subfield code="a">dc</subfield>
   </datafield>
   <datafield ind2=" " ind1=" " tag="720">
      <subfield code="a">Torre Sangrà, David de la</subfield>
      <subfield code="e">author</subfield>
   </datafield>
   <datafield ind2=" " ind1=" " tag="720">
      <subfield code="a">Fantino, Elena</subfield>
      <subfield code="e">author</subfield>
   </datafield>
   <datafield ind2=" " ind1=" " tag="260">
      <subfield code="c">2015</subfield>
   </datafield>
   <datafield ind2=" " ind1=" " tag="520">
      <subfield code="a">Lambert’s problem is the orbital boundary-value problem constrained by two points and elapsed time. It is one of the most extensively studied problems in celestial mechanics and astrodynamics, and, as such, it has always attracted the interest of mathematicians and engineers. Its solution lies at the base of algorithms for, e.g., orbit determination, orbit design (mission planning), space rendezvous and interception, space debris correlation, missile and spacecraft targeting. There is abundance of literature discussing various approaches developed over the years to solve Lambert’s problem. We have collected more than 70 papers and, of course, the issue is treated in most astrodynamics and celestial mechanics textbooks. From our analysis of the documents, we have been able to identify five or six main solution methods, each associated to a number of revisions and variations, and many, so to say, secondary research lines with little or no posterior development. We have ascertained plenty of literature with proposed solutions, in many cases supplemented by performance comparisons with other methods. We have reviewed and organized the existing bibliography on Lambert’s problem and we have performed a quantitative comparison among the existing methods for its solution. The analysis is based on the following issues: choice of the free parameter, number of iterations,generality of the mathematical formulation, limits of applicability (degeneracies, domain of the parameter, special cases and peculiarities), accuracy, and suitability to automatic execution. Eventually we have tested the performance of each code. The solvers that incorporate the best qualities are Bate’s algorithm via universal variables with Newton-Raphson and Izzo’s Householder algorithm. The former is the fastest, the latter exhibits the best ratio between speed, robustness and accuracy.</subfield>
   </datafield>
   <datafield ind2=" " ind1=" " tag="520">
      <subfield code="a">Postprint (author's final draft)</subfield>
   </datafield>
   <datafield tag="653" ind2=" " ind1=" ">
      <subfield code="a">Àrees temàtiques de la UPC::Física::Astronomia i astrofísica</subfield>
   </datafield>
   <datafield tag="653" ind2=" " ind1=" ">
      <subfield code="a">Celestial mechanics</subfield>
   </datafield>
   <datafield tag="653" ind2=" " ind1=" ">
      <subfield code="a">Orbits</subfield>
   </datafield>
   <datafield tag="653" ind2=" " ind1=" ">
      <subfield code="a">Algorithms</subfield>
   </datafield>
   <datafield tag="653" ind2=" " ind1=" ">
      <subfield code="a">Astrodynamics</subfield>
   </datafield>
   <datafield tag="653" ind2=" " ind1=" ">
      <subfield code="a">Lambert</subfield>
   </datafield>
   <datafield tag="653" ind2=" " ind1=" ">
      <subfield code="a">orbits</subfield>
   </datafield>
   <datafield tag="653" ind2=" " ind1=" ">
      <subfield code="a">two-body problem</subfield>
   </datafield>
   <datafield tag="653" ind2=" " ind1=" ">
      <subfield code="a">transfer time equation</subfield>
   </datafield>
   <datafield tag="653" ind2=" " ind1=" ">
      <subfield code="a">root finding algorithms</subfield>
   </datafield>
   <datafield tag="653" ind2=" " ind1=" ">
      <subfield code="a">Mecànica celest</subfield>
   </datafield>
   <datafield tag="653" ind2=" " ind1=" ">
      <subfield code="a">Òrbites</subfield>
   </datafield>
   <datafield tag="653" ind2=" " ind1=" ">
      <subfield code="a">Algorismes</subfield>
   </datafield>
   <datafield tag="653" ind2=" " ind1=" ">
      <subfield code="a">Astrodinàmica</subfield>
   </datafield>
   <datafield ind2="0" ind1="0" tag="245">
      <subfield code="a">Review of Lambert's problem</subfield>
   </datafield>
</record></metadata></record></GetRecord></OAI-PMH>